[Event "THA-ch 45th"]
[Site "Ayutthaya"]
[Date "2022.04.10"]
[Round "6"]
[White "Laohawirapap, Prin"]
[Black "Nakvanich, Sahapol"]
[Result "1-0"]
[WhiteElo "2239"]
[BlackElo "1707"]
[PlyCount "103"]
[EventDate "2022.04.08"]
[EventType "swiss"]
[EventRounds "9"]
[EventCountry "THA"]
[SourceTitle "CBM 207 Extra"]
[Source "ChessBase"]
[SourceDate "2022.05.31"]
[SourceVersion "1"]
[SourceVersionDate "2022.05.31"]
[SourceQuality "1"]

1. e4 e5 2. Nf3 Nc6 3. d4 exd4 4. Nxd4 Nf6 5. Nxc6 bxc6 6. e5 Qe7 7. Qe2 Nd5 8. h4 Qe6 9. g3 d6 10. c4 Nb6 11. exd6 Qxe2+ 12. Bxe2 cxd6 13. Nc3 Bb7 14. Bf4 0-0-0 15. c5 Nd5 16. Nxd5 cxd5 17. Rc1 Bc6 18. cxd6 Kb7 19. Ba6+ Kb6 20. Be3+ Kxa6 21. Rxc6+ Kb5 22. Rc5+ Kb4 23. Rxd5 Bxd6 24. 0-0 Bb8 25. Rg5 g6 26. Rc1 f5 27. h5 Rhg8 28. hxg6 hxg6 29. Rc6 Bd6 30. Bxa7 Kb5 31. Rb6+ Kc4 32. a4 Kd5 33. g4 Ke4 34. gxf5 gxf5 35. Rxg8 Rxg8+ 36. Kf1 Bc5 37. Rb7 Bxa7 38. Rxa7 Rb8 39. Re7+ Kd3 40. Re3+ Kd4 41. b3 f4 42. Rf3 Ke4 43. Rc3 f3 44. Rc4+ Kf5 45. b4 Rd8 46. Ke1 Re8+ 47. Kd1 Rd8+ 48. Kc1 Re8 49. b5 Re2 50. Rc2 Re4 51. b6 Rxa4 52. b7 1-0

[Event "THA-ch 45th"]
[Site "Ayutthaya"]
[Date "2022.04.09"]
[Round "3"]
[White "Yingchuros, Suriya"]
[Black "Nakvanich, Sahapol"]
[Result "0-1"]
[WhiteElo "1241"]
[BlackElo "1707"]
[PlyCount "66"]
[EventDate "2022.04.08"]
[EventType "swiss"]
[EventRounds "9"]
[EventCountry "THA"]
[SourceTitle "CBM 207 Extra"]
[Source "ChessBase"]
[SourceDate "2022.05.31"]
[SourceVersion "1"]
[SourceVersionDate "2022.05.31"]
[SourceQuality "1"]

1. e4 e5 2. Nf3 Nc6 3. Bc4 Bc5 4. c3 Nf6 5. d4 exd4 6. cxd4 Bb4+ 7. Nc3 Nxe4 8. d5 Nxc3 9. Qd3 Nxd5+ 10. Bd2 Bxd2+ 11. Kxd2 Nde7 12. Rae1 d5 13. Bxd5 0-0 14. Bxc6 Qxd3+ 15. Kxd3 Nxc6 16. Kc3 Bf5 17. Re3 Rfe8 18. Rhe1 Rxe3+ 19. Rxe3 Kf8 20. Nd4 Nxd4 21. Kxd4 Rd8+ 22. Kc3 c5 23. a3 b5 24. b3 a5 25. a4 bxa4 26. bxa4 Be6 27. f3 Rd4 28. Re4 Rxe4 29. fxe4 f6 30. g4 g5 31. h3 Ke7 32. Kd3 Kd6 33. Kc3 Ke5 0-1

[Event "Pattaya op"]
[Site "Pattaya"]
[Date "2018.10.24"]
[Round "1"]
[White "Tran, Tuan Minh"]
[Black "Nakvanich, Sahapol"]
[Result "1-0"]
[WhiteElo "2506"]
[BlackElo "1815"]
[PlyCount "43"]
[EventDate "2018.10.24"]
[EventType "swiss"]
[EventRounds "9"]
[EventCountry "THA"]
[SourceTitle "CBM 187 Extra"]
[Source "ChessBase"]
[SourceDate "2018.11.04"]
[SourceVersion "1"]
[SourceVersionDate "2018.11.04"]
[SourceQuality "1"]

1. d4 Nf6 2. c4 e6 3. Nc3 Bb4 4. e3 0-0 5. Bd3 b6 6. Nge2 Bb7 7. 0-0 Re8 8. a3 Bf8 9. e4 d5 10. cxd5 exd5 11. e5 Ne4 12. Qc2 f5 13. exf6 Nxf6 14. Bg5 Nbd7 15. Bxh7+ Kh8 16. Bg6 Bd6 17. Qf5 c5 18. Rfe1 cxd4 19. Bxe8 Qxe8 20. Nb5 Bb8 21. Nf4 Qf7 22. Ng6+ 1-0

[Event "Bangkok Assumption op"]
[Site "Bangkok"]
[Date "2017.03.18"]
[Round "8"]
[White "Sasha, Patil"]
[Black "Nakvanich, Sahapol"]
[Result "0-1"]
[WhiteElo "1321"]
[BlackElo "1813"]
[PlyCount "58"]
[EventDate "2017.03.10"]
[EventType "swiss"]
[EventRounds "9"]
[EventCountry "THA"]
[SourceTitle "EXT 2018"]
[Source "ChessBase"]
[SourceDate "2017.10.13"]
[SourceVersion "1"]
[SourceVersionDate "2017.10.13"]
[SourceQuality "1"]

1. e4 e5 2. Nf3 Nc6 3. Bc4 Bc5 4. 0-0 Nf6 5. d3 a6 6. a4 d6 7. h3 h6 8. Nc3 0-0 9. Re1 Re8 10. Nd5 Nxd5 11. Bxd5 Ne7 12. Bb3 Ng6 13. c3 Qf6 14. d4 Ba7 15. Be3 Nf4 16. dxe5 dxe5 17. Bxa7 Rxa7 18. Bc4 Rd8 19. Qb3 Nxh3+ 20. gxh3 Qxf3 21. Bf1 Rd6 22. Qc2 Bxh3 23. Bxh3 Qxh3 24. Re3 Rg6+ 25. Rg3 Rxg3+ 26. fxg3 Qxg3+ 27. Kh1 a5 28. Rd1 Ra6 29. Qh2 Qf3+ 0-1

[Event "THA-chT"]
[Site "Bangkok"]
[Date "2015.12.04"]
[Round "2.3"]
[White "Mekarapiruk, Chawit"]
[Black "Nakvanich, Sahapol"]
[Result "1-0"]
[WhiteElo "1321"]
[BlackElo "1846"]
[PlyCount "31"]
[EventDate "2015.12.04"]
[EventType "team-swiss"]
[EventRounds "9"]
[EventCountry "THA"]
[SourceTitle "EXT 2017"]
[Source "ChessBase"]
[SourceDate "2016.10.25"]
[SourceVersion "1"]
[SourceVersionDate "2016.10.25"]
[SourceQuality "1"]
[WhiteTeam "IWICA"]
[BlackTeam "SamutPrakarn Bangapi"]
[WhiteTeamCountry "THA"]
[BlackTeamCountry "THA"]

1. e4 Nc6 2. d4 d5 3. e5 Bf5 4. Nc3 e6 5. Nf3 a6 6. Bd3 Bxd3 7. Qxd3 f5 8. 0-0 Qd7 9. Be3 0-0-0 10. a3 Nge7 11. b4 h6 12. b5 axb5 13. Qxb5 Nb8 14. Qb2 g5 15. Rab1 c6 16. Na4 1-0

[Event "THA-ch"]
[Site "Bangkok"]
[Date "2015.11.15"]
[Round "9"]
[White "Wongsawan, Thoetsak"]
[Black "Nakvanich, Sahapol"]
[Result "1-0"]
[WhiteElo "1765"]
[BlackElo "1844"]
[PlyCount "87"]
[EventDate "2015.11.06"]
[EventType "swiss"]
[EventRounds "9"]
[EventCountry "THA"]
[SourceTitle "CBM 169 Extra"]
[Source "ChessBase"]
[SourceDate "2015.12.18"]
[SourceVersion "1"]
[SourceVersionDate "2015.12.18"]
[SourceQuality "1"]

1. e4 e5 2. Nf3 Nc6 3. Bb5 a6 4. Ba4 Nf6 5. 0-0 Be7 6. Re1 b5 7. Bb3 d6 8. c3 0-0 9. h3 Nb8 10. d4 Nbd7 11. Nbd2 Bb7 12. Bc2 Re8 13. Nf1 Bf8 14. Ng3 g6 15. Bg5 h6 16. Bd2 Bg7 17. Qc1 Kh7 18. h4 Re7 19. h5 Qe8 20. d5 c6 21. Nh4 Nf8 22. Nhf5 gxf5 23. Nxf5 Nxh5 24. Bxh6 Bh8 25. Bxf8 Qxf8 26. Qg5 Nf4 27. Qxe7 Qxe7 28. Nxe7 c5 29. a4 b4 30. g3 Nh5 31. cxb4 cxb4 32. Bd1 Nf6 33. Rc1 Nd7 34. Rc7 Nc5 35. Nf5 Rd8 36. Bh5 Bc8 37. Rxf7+ Bg7 38. Rxg7+ Kh8 39. Bg6 Bxf5 40. Rh7+ Kg8 41. exf5 Nxa4 42. Kg2 Rc8 43. f6 Rf8 44. f7+ 1-0

[Event "THA-ch"]
[Site "Bangkok"]
[Date "2015.11.14"]
[Round "7"]
[White "Kulpruethanon, Thanadon"]
[Black "Nakvanich, Sahapol"]
[Result "1-0"]
[WhiteElo "2206"]
[BlackElo "1844"]
[PlyCount "99"]
[EventDate "2015.11.06"]
[EventType "swiss"]
[EventRounds "9"]
[EventCountry "THA"]
[SourceTitle "CBM 169 Extra"]
[Source "ChessBase"]
[SourceDate "2015.12.18"]
[SourceVersion "1"]
[SourceVersionDate "2015.12.18"]
[SourceQuality "1"]

1. Nf3 d5 2. c4 c6 3. cxd5 cxd5 4. d4 Nf6 5. Nc3 Nc6 6. Bf4 a6 7. Rc1 g6 8. h3 Bg7 9. a3 0-0 10. e3 Bd7 11. Bd3 e6 12. 0-0 b5 13. a4 b4 14. Nb1 Qb6 15. Nbd2 Rfc8 16. Nb3 Be8 17. Qe2 Nd7 18. Rfd1 e5 19. dxe5 Ndxe5 20. Nxe5 Nxe5 21. Rxc8 Rxc8 22. Bxa6 Rd8 23. Bb5 Bxb5 24. Qxb5 Qxb5 25. axb5 Nc4 26. Bc7 Ra8 27. b6 Nxb6 28. Bxb6 Bxb2 29. Rxd5 Ra3 30. Bd4 Bxd4 31. Nxd4 Ra1+ 32. Kh2 f5 33. Rb5 Rb1 34. Nc6 b3 35. Na5 Rf1 36. Kg3 b2 37. Rxb2 h5 38. h4 Kg7 39. Rb7+ Kh6 40. Rb6 Ra1 41. Nc6 Ra4 42. Ne5 Kh7 43. Rxg6 Re4 44. Re6 Kg7 45. f4 Rxe3+ 46. Kh2 Re4 47. g3 Re2+ 48. Kh3 Re3 49. Rg6+ Kh7 50. Rg5 1-0

[Event "Kuala Lumpur op 7th"]
[Site "Kuala Lumpur"]
[Date "2010.09.01"]
[Round "1"]
[White "Lane, Gary William"]
[Black "Nakvanich, Sahapol"]
[Result "1-0"]
[WhiteElo "2373"]
[BlackElo "1921"]
[PlyCount "67"]
[EventDate "2010.09.01"]
[EventType "swiss"]
[EventRounds "9"]
[EventCountry "MAS"]
[SourceTitle "CBM 138 Extra"]
[Source "ChessBase"]
[SourceDate "2010.10.29"]
[SourceVersion "1"]
[SourceVersionDate "2010.10.29"]
[SourceQuality "1"]

1. e4 e5 2. Nf3 Nc6 3. Bb5 a6 4. Ba4 Nf6 5. 0-0 Nxe4 6. d4 b5 7. Bb3 d5 8. dxe5 Be6 9. Qe2 Be7 10. Rd1 0-0 11. c4 bxc4 12. Bxc4 Na5 13. Bd3 Nc5 14. Bc2 Nc6 15. Nc3 Qd7 16. Be3 Rfd8 17. Rac1 Qe8 18. Bb1 Qf8 19. Qc2 g6 20. Bxc5 Bxc5 21. Ne2 Nxe5 22. Qxc5 Nxf3+ 23. gxf3 Qh6 24. Qxc7 Bh3 25. Qg3 d4 26. Nf4 Bc8 27. Be4 Ra7 28. Rxd4 Rxd4 29. Rxc8+ Kg7 30. Ne6+ fxe6 31. Qe5+ Kf7 32. Qxd4 Qg5+ 33. Kh1 Re7 34. Qh8 1-0